| 000 | 00735nam a2200253Ia 4500 | ||
|---|---|---|---|
| 003 | OSt | ||
| 005 | 20221007110620.0 | ||
| 006 | a|||||r|||| 00| 0 | ||
| 007 | ta | ||
| 008 | 221006b |||||||| |||| 00| 0 eng d | ||
| 020 | _a0892320141 | ||
| 024 | _a21,452 | ||
| 037 | _cTextual | ||
| 040 |
_aLCO _cLCO _beng |
||
| 041 |
_2eng _aeng |
||
| 082 | _aX9MOaD854, L7 | ||
| 100 |
_aGladwin Thomas N. _9268792 |
||
| 245 | 0 | _aEnvironment, Planning and the Multinational Corporation Foreword by Maurice F. Strong | |
| 260 |
_aConnecticut _bJai Press Greenwich _c1977 |
||
| 300 | _a295 | ||
| 650 | _aMULTINATIONAL CORPORATION | ||
| 942 |
_hX9MOaD854, L7 _cTEXL |
||
| 999 |
_c1191015 _d1191015 |
||